<?xml version="1.0" encoding="UTF-8"?>
<record
    xmlns:xsi="http://www.w3.org/2001/XMLSchema-instance"
    xsi:schemaLocation="http://www.loc.gov/MARC21/slim http://www.loc.gov/standards/marcxml/schema/MARC21slim.xsd"
    xmlns="http://www.loc.gov/MARC21/slim">

  <leader>00676nam a22001577a 4500</leader>
  <controlfield tag="003">OSt</controlfield>
  <controlfield tag="005">20150930162412.0</controlfield>
  <controlfield tag="008">150930b        xxu||||| |||| 00| 0 eng d</controlfield>
  <datafield tag="040" ind1=" " ind2=" ">
    <subfield code="c">RUA</subfield>
  </datafield>
  <datafield tag="082" ind1=" " ind2=" ">
    <subfield code="a">AGR SOK 2008 B063 Or.1</subfield>
  </datafield>
  <datafield tag="100" ind1=" " ind2=" ">
    <subfield code="9">1632</subfield>
    <subfield code="a">SOK, KUNTHEA.</subfield>
  </datafield>
  <datafield tag="245" ind1=" " ind2=" ">
    <subfield code="a">Effect de quantite de chauk utilisee sur le pH du sol et la rendement de ciboule a svay rieng, &#x17A5;&#x1791;&#x17D2;&#x1792;&#x17B7;&#x1796;&#x179B;&#x1794;&#x179A;&#x17B7;&#x1798;&#x17B6;&#x178E;&#x1780;&#x17C6;&#x1794;&#x17C4;&#x179A;&#x1791;&#x17C5;&#x179B;&#x17BE;&#x1794;&#x17C9;&#x17C1;&#x17A0;&#x17B6;&#x179F;&#x17CB;&#x178A;&#x17B8; &#x1793;&#x17B7;&#x1784;&#x200B;&#x1791;&#x17B7;&#x1793;&#x17D2;&#x1793;&#x1795;&#x179B;&#x178A;&#x17C6;&#x178E;&#x17B6;&#x17C6;&#x1781;&#x17D2;&#x1791;&#x17B9;&#x1798;&#x179F;&#x17D2;&#x179B;&#x17B9;&#x1780;&#x1793;&#x17C5;&#x1781;&#x17C1;&#x178F;&#x17D2;&#x178F;&#x179F;&#x17D2;&#x179C;&#x17B6;&#x1799;&#x179A;&#x17C0;&#x1784;</subfield>
  </datafield>
  <datafield tag="260" ind1=" " ind2=" ">
    <subfield code="a">Phnom Penh</subfield>
    <subfield code="b">RUA</subfield>
    <subfield code="c">2008</subfield>
  </datafield>
  <datafield tag="300" ind1=" " ind2=" ">
    <subfield code="a">vi; 36p.</subfield>
    <subfield code="b">ill.</subfield>
    <subfield code="c">29cm.</subfield>
  </datafield>
  <datafield tag="942" ind1=" " ind2=" ">
    <subfield code="2">ddc</subfield>
    <subfield code="c">AGR</subfield>
  </datafield>
  <datafield tag="999" ind1=" " ind2=" ">
    <subfield code="c">1539</subfield>
    <subfield code="d">1539</subfield>
  </datafield>
  <datafield tag="952" ind1=" " ind2=" ">
    <subfield code="0">0</subfield>
    <subfield code="1">0</subfield>
    <subfield code="2">ddc</subfield>
    <subfield code="4">0</subfield>
    <subfield code="6">AGR_SOK_2008_000000000000000_B063_OR_1</subfield>
    <subfield code="7">0</subfield>
    <subfield code="9">6880</subfield>
    <subfield code="a">LBB</subfield>
    <subfield code="b">LBB</subfield>
    <subfield code="c">B063</subfield>
    <subfield code="d">2015-09-30</subfield>
    <subfield code="o">AGR SOK 2008 B063 Or.1</subfield>
    <subfield code="p">RUA009364</subfield>
    <subfield code="r">2015-09-30</subfield>
    <subfield code="w">2015-09-30</subfield>
    <subfield code="y">AGR</subfield>
  </datafield>
  <datafield tag="952" ind1=" " ind2=" ">
    <subfield code="0">0</subfield>
    <subfield code="1">0</subfield>
    <subfield code="2">ddc</subfield>
    <subfield code="4">0</subfield>
    <subfield code="6">AGR_SOK_2008_000000000000000_B063_OR_2</subfield>
    <subfield code="7">0</subfield>
    <subfield code="9">6881</subfield>
    <subfield code="a">LBB</subfield>
    <subfield code="b">LBB</subfield>
    <subfield code="c">B063</subfield>
    <subfield code="d">2015-09-30</subfield>
    <subfield code="o">AGR SOK 2008 B063 Or.2</subfield>
    <subfield code="p">RUA009856</subfield>
    <subfield code="r">2015-09-30</subfield>
    <subfield code="w">2015-09-30</subfield>
    <subfield code="y">AGR</subfield>
  </datafield>
  <datafield tag="952" ind1=" " ind2=" ">
    <subfield code="0">0</subfield>
    <subfield code="1">0</subfield>
    <subfield code="2">ddc</subfield>
    <subfield code="4">0</subfield>
    <subfield code="6">AGR_SOK_2008_000000000000000_B063_OR_3</subfield>
    <subfield code="7">0</subfield>
    <subfield code="9">6882</subfield>
    <subfield code="a">LBB</subfield>
    <subfield code="b">LBB</subfield>
    <subfield code="c">B063</subfield>
    <subfield code="d">2015-09-30</subfield>
    <subfield code="o">AGR SOK 2008 B063 Or.3</subfield>
    <subfield code="p">RUA009784</subfield>
    <subfield code="r">2015-09-30</subfield>
    <subfield code="w">2015-09-30</subfield>
    <subfield code="y">AGR</subfield>
  </datafield>
  <datafield tag="952" ind1=" " ind2=" ">
    <subfield code="0">0</subfield>
    <subfield code="1">0</subfield>
    <subfield code="2">ddc</subfield>
    <subfield code="4">0</subfield>
    <subfield code="6">AGR_SOK_2008_000000000000000_B063_OR_4</subfield>
    <subfield code="7">0</subfield>
    <subfield code="9">6883</subfield>
    <subfield code="a">LBB</subfield>
    <subfield code="b">LBB</subfield>
    <subfield code="c">B063</subfield>
    <subfield code="d">2015-09-30</subfield>
    <subfield code="o">AGR SOK 2008 B063 Or.4</subfield>
    <subfield code="p">RUA009707</subfield>
    <subfield code="r">2015-09-30</subfield>
    <subfield code="w">2015-09-30</subfield>
    <subfield code="y">AGR</subfield>
  </datafield>
  <datafield tag="952" ind1=" " ind2=" ">
    <subfield code="0">0</subfield>
    <subfield code="1">0</subfield>
    <subfield code="2">ddc</subfield>
    <subfield code="4">0</subfield>
    <subfield code="6">AGR_SOK_2008_000000000000000_B063_OR_5</subfield>
    <subfield code="7">0</subfield>
    <subfield code="9">6884</subfield>
    <subfield code="a">LBB</subfield>
    <subfield code="b">LBB</subfield>
    <subfield code="c">B063</subfield>
    <subfield code="d">2015-09-30</subfield>
    <subfield code="l">1</subfield>
    <subfield code="o">AGR SOK 2008 B063 Or.5</subfield>
    <subfield code="p">RUA009994</subfield>
    <subfield code="r">2016-04-04</subfield>
    <subfield code="s">2016-03-30</subfield>
    <subfield code="w">2015-09-30</subfield>
    <subfield code="y">AGR</subfield>
  </datafield>
  <datafield tag="952" ind1=" " ind2=" ">
    <subfield code="0">0</subfield>
    <subfield code="1">0</subfield>
    <subfield code="2">ddc</subfield>
    <subfield code="4">0</subfield>
    <subfield code="6">AGR_SOK_2008_000000000000000_B063_OR_6</subfield>
    <subfield code="7">0</subfield>
    <subfield code="9">6885</subfield>
    <subfield code="a">LBB</subfield>
    <subfield code="b">LBB</subfield>
    <subfield code="c">B063</subfield>
    <subfield code="d">2015-09-30</subfield>
    <subfield code="o">AGR SOK 2008 B063 Or.6</subfield>
    <subfield code="p">RUA009922</subfield>
    <subfield code="r">2015-09-30</subfield>
    <subfield code="w">2015-09-30</subfield>
    <subfield code="y">AGR</subfield>
  </datafield>
  <datafield tag="952" ind1=" " ind2=" ">
    <subfield code="0">0</subfield>
    <subfield code="1">0</subfield>
    <subfield code="2">ddc</subfield>
    <subfield code="4">0</subfield>
    <subfield code="6">AGR_SOK_2008_000000000000000_B063_OR_7</subfield>
    <subfield code="7">0</subfield>
    <subfield code="9">6886</subfield>
    <subfield code="a">LBB</subfield>
    <subfield code="b">LBB</subfield>
    <subfield code="c">B063</subfield>
    <subfield code="d">2015-09-30</subfield>
    <subfield code="o">AGR SOK 2008 B063 Or.7</subfield>
    <subfield code="p">RUA009850</subfield>
    <subfield code="r">2015-09-30</subfield>
    <subfield code="w">2015-09-30</subfield>
    <subfield code="y">AGR</subfield>
  </datafield>
  <datafield tag="952" ind1=" " ind2=" ">
    <subfield code="0">0</subfield>
    <subfield code="1">0</subfield>
    <subfield code="2">ddc</subfield>
    <subfield code="4">0</subfield>
    <subfield code="6">AGR_SOK_2008_000000000000000_B063_OR_8</subfield>
    <subfield code="7">0</subfield>
    <subfield code="9">6887</subfield>
    <subfield code="a">LBB</subfield>
    <subfield code="b">LBB</subfield>
    <subfield code="c">B063</subfield>
    <subfield code="d">2015-09-30</subfield>
    <subfield code="o">AGR SOK 2008 B063 Or.8</subfield>
    <subfield code="p">RUA009778</subfield>
    <subfield code="r">2015-09-30</subfield>
    <subfield code="w">2015-09-30</subfield>
    <subfield code="y">AGR</subfield>
  </datafield>
  <datafield tag="952" ind1=" " ind2=" ">
    <subfield code="0">0</subfield>
    <subfield code="1">0</subfield>
    <subfield code="2">ddc</subfield>
    <subfield code="4">0</subfield>
    <subfield code="6">AGR_SOK_2008_000000000000000_B063_OR_9</subfield>
    <subfield code="7">0</subfield>
    <subfield code="9">6888</subfield>
    <subfield code="a">LBB</subfield>
    <subfield code="b">LBB</subfield>
    <subfield code="c">B063</subfield>
    <subfield code="d">2015-09-30</subfield>
    <subfield code="o">AGR SOK 2008 B063 Or.9</subfield>
    <subfield code="p">RUA009774</subfield>
    <subfield code="r">2015-09-30</subfield>
    <subfield code="w">2015-09-30</subfield>
    <subfield code="y">AGR</subfield>
  </datafield>
  <datafield tag="952" ind1=" " ind2=" ">
    <subfield code="0">0</subfield>
    <subfield code="1">0</subfield>
    <subfield code="2">ddc</subfield>
    <subfield code="4">0</subfield>
    <subfield code="6">AGR_SOK_2008_000000000000000_B063_OR_10</subfield>
    <subfield code="7">0</subfield>
    <subfield code="9">6889</subfield>
    <subfield code="a">LBB</subfield>
    <subfield code="b">LBB</subfield>
    <subfield code="c">B063</subfield>
    <subfield code="d">2015-09-30</subfield>
    <subfield code="o">AGR SOK 2008 B063 Or.10</subfield>
    <subfield code="p">RUA009846</subfield>
    <subfield code="r">2015-09-30</subfield>
    <subfield code="w">2015-09-30</subfield>
    <subfield code="y">AGR</subfield>
  </datafield>
  <datafield tag="952" ind1=" " ind2=" ">
    <subfield code="0">0</subfield>
    <subfield code="1">0</subfield>
    <subfield code="2">ddc</subfield>
    <subfield code="4">0</subfield>
    <subfield code="6">AGR_SOK_2008_000000000000000_B063_OR_11</subfield>
    <subfield code="7">0</subfield>
    <subfield code="9">6890</subfield>
    <subfield code="a">LBB</subfield>
    <subfield code="b">LBB</subfield>
    <subfield code="c">B063</subfield>
    <subfield code="d">2015-09-30</subfield>
    <subfield code="o">AGR SOK 2008 B063 Or.11</subfield>
    <subfield code="p">RUA009918</subfield>
    <subfield code="r">2015-09-30</subfield>
    <subfield code="w">2015-09-30</subfield>
    <subfield code="y">AGR</subfield>
  </datafield>
</record>
